000 00673nam a2200181Ia 4500
008 151018s9999 xx 000 0 und d
082 _bRBASDV51793
_a891.463
100 _aसी पु वालावलकर
245 _aआजोबांच्या गोष्टी भाग 1
250 _b1
260 _bमधुश्री प्रकाशन
_c2009
300 _a111
600 _aसी पु वालावलकर
630 _aआजोबांच्या गोष्टी भाग 1
700 _aसी पु वालावलकर
730 _aआजोबांच्या गोष्टी भाग 1
942 _cBOOK
999 _c1050544
_d1050541